Регионална библиотека "Любен Каравелов" - Русе

Воинът на светлината (Запис номер 96311)

MARC детайли
000 -Лидер
Контролно поле с фиксирана дължина 01236nam a2200325 c 4500
003 - Код на организацията, давaща контролен номер
Контролно поле BLK
005 - Дата и час на последна редакция
Контролно поле 20180422105037.0
008 - Елементи от данни с фиксирана дължина
fixed length control field 180409b bul|||||r ||||||| ||bul||
010 ## - Наследен системен номер
LC control number KNG00101204000
020 ## - Международен стандартен номер на книга ISBN
Международен стандартен номер на книга ISBN 954-769-026-4
-- издат.: Обсидиан
040 ## - Източник на каталожния запис
Идентификатор на билиотеката - собственик на записа BLK
041 ## - Код за език
Код за езика на текст/звукозапис или на отделно заглавие Български
Код за езика КДБФ Български
080 ## - УДК
Текстов определител УДК Бразилска литература
УДК код - определител по УДК 821.134.3(81)
УДК определител -31
УДК - код + определител 821.134.3(81)-31
100 1# - Редна дума - Автор
Автор Коелю, Паулу
Авторска отговорност първи автор
R(LIN) 80439
139 ## - Редно поле
Редна дума Коелю, Паулу
Авторски знак Кодж - К 73
245 10 - Сведения за заглавието
Заглавие Воинът на светлината
Подзаглавни данни Наръчник
Редно поле (дума) Паулу Коелю; прев. от португ. Даниела Петрова.
257 ## - Страна на издаване
Страна на създаване/издаване Бразилия
260 ## - Област на издателските данни
-- София
Име на издателя, разпространителя и проч. Обсидиан
Година на издаване 2002
Печатница В. Търново : Абагар
300 ## - Физическа характеристика
Страници 158 с.
Размери/Мащаб 20 см
380 ## - Жанр
Жанр Худож. лит.
490 1# - СЕРИИ (Колекции)
Име на серия Библиотека Паулу Коелю
500 ## - Общи забележки
Забележка Ориг. загл. Manual do guerreiro da luz / Paulo Coelho. - Офс. изд.
653 ## - Ключова дума – ненормативна
Ключова дума романи
700 1# - Други автори (авторска отговорност)
Лично име Петрова, Даниела
Автороска отговорност (Описва отношението между автора и произведението) прев. от португ.
9 (RLIN) 366318
852 ## - Местоположение
Форматна сигнатура Цб 211388
856 4# - Електронен адрес и достъп
Електронен формат pdf - файл
Път до файла /url/
856 4# - Електронен адрес и достъп
Електронен формат pdf - файл
Път до файла /url/
942 ## - АРТИКУЛИ
Вид на библиотечния материал Книги
Скрит в OPAC Не
944 ## - СЪЗДАВАНЕ И РЕДАКЦИЯ на ЗАПИСА
Създаване/Редакция Създаване
Дата на регистрацията/редакция 01.01.2002
Служител, извършил регистрацията/редакцията Цветанка_Енчева
944 ## - СЪЗДАВАНЕ И РЕДАКЦИЯ на ЗАПИСА
Създаване/Редакция Редакция
Дата на регистрацията/редакция 20.02.2004
Служител, извършил регистрацията/редакцията
999 ## - СИСТЕМНИ КОНТРОЛНИ НОМЕРА
Koha biblionumber 96311
Koha biblioitemnumber 96311
Наличности
Код за отписване Код за изгубен артикул Източник на класификационната схема Код за повреда Коз за рестрикции Код за отдаване Артикулен № Име на библиотеката - собственик Име на библиотеката, в която се намира в момента Статус (Текущо местоположение) Дата на вписване в системата Местоположение - отдел Цена в лева Инвентарен номер Систематично азбучна сигнатура Баркод Номер на екземпляра Цена в евро Служебна бележка Служебен тип на артикула
Изтеглен Не е изгубен Universal Decimal Classification Не е повреден без рестрикции заемане за дома 154604 Регионална библиотека "Любен Каравелов" Русе Регионална библиотека "Любен Каравелов" Русе Заемна - подръчен фонд 2002-04-26 Заемна - подръчен фонд 6.00 120000669710 П 869.0-31/К 73 120000669710 1 3.07 Дост: Pk Вид: Ф N: 12 Дата: 25.04.2002 Книги
Изтеглен Не е изгубен Universal Decimal Classification Не е повреден без рестрикции заемане за дома 154605 Регионална библиотека "Любен Каравелов" Русе Регионална библиотека "Любен Каравелов" Русе Заемна - подръчен фонд 2003-07-10 Заемна - подръчен фонд 7.00 120000677438 П 869.0-31/К 73 120000677438 2 3.58 Дост: Pk Вид: Ф N: 22 Дата: 10.07.2003 Книги
  Не е изгубен   Не е повреден без рестрикции ползва се в читалня 154606 Регионална библиотека "Любен Каравелов" Русе Регионална библиотека "Любен Каравелов" Русе Хранилище 2004-01-15 Хранилище 7.00 120000681805 Цб 211388 120000681805 3 3.58 Дост: Dp Вид: Д N: 5 Дата: 15.01.2003 Книги
Vip Innovations Ltd, Rousse, Bulgaria 2025